[Event "Ostroda op 5th"]
[Site "Ostroda"]
[Date "2008.08.10"]
[Round "9.7"]
[White "Tarach, Dorota"]
[Black "Reza, Wojciech"]
[Result "0-1"]
[WhiteElo "1769"]
[BlackElo "1866"]
[PlyCount "118"]
[EventDate "2008.08.04"]
[EventType "swiss"]
[EventRounds "9"]
[EventCountry "POL"]
[SourceTitle "EXT 2023"]
[Source "ChessBase"]
[SourceDate "2022.10.05"]
[SourceVersion "1"]
[SourceVersionDate "2022.10.05"]
[SourceQuality "1"]

1. e4 d6 2. d4 g6 3. f4 Bg7 4. Nf3 c6 5. Bd3 Nf6 6. Be3 0-0 7. 0-0 b5 8. c3 Nbd7 9. e5 Nd5 10. Bc1 Qb6 11. Kh1 a6 12. Ng5 h6 13. Ne4 c5 14. dxc5 dxc5 15. c4 Nb4 16. Be2 Rd8 17. Nbd2 Bb7 18. a3 Nc6 19. Qc2 Nd4 20. Qd1 Nf8 21. b3 Nfe6 22. Rb1 Nxf4 23. Rxf4 Ne6 24. Qf1 Nxf4 25. Qxf4 g5 26. Qf5 Bc8 27. Qf2 Bxe5 28. Qxc5 Qxc5 29. Nxc5 Bf5 30. Nce4 bxc4 31. bxc4 Bf4 32. Bf3 Rab8 33. Rxb8 Rxb8 34. g4 Bxe4 35. Bxe4 Rd8 36. a4 Bxd2 37. Ba3 Rd4 38. Bb7 Rxc4 39. a5 Rxg4 40. Bxe7 Bxa5 41. Bxa6 Bb6 42. h3 Rg3 43. Bc8 h5 44. h4 g4 45. Bf6 Rf3 46. Be7 Bf2 47. Kg2 Be1 48. Bb7 Rh3 49. Bd6 Bxh4 50. Be4 Re3 51. Bb7 Re2+ 52. Kf1 Rb2 53. Be4 Bf6 54. Bc5 h4 55. Kg1 Be5 56. Bf5 h3 57. Bxg4 Rg2+ 58. Kh1 Rxg4 59. Bd6 Re4 0-1

[Event "Ostroda op 5th"]
[Site "Ostroda"]
[Date "2008.08.09"]
[Round "8.3"]
[White "Glatty, Zbigniew"]
[Black "Tarach, Dorota"]
[Result "1-0"]
[WhiteElo "1903"]
[BlackElo "1769"]
[PlyCount "109"]
[EventDate "2008.08.04"]
[EventType "swiss"]
[EventRounds "9"]
[EventCountry "POL"]
[SourceTitle "EXT 2023"]
[Source "ChessBase"]
[SourceDate "2022.10.05"]
[SourceVersion "1"]
[SourceVersionDate "2022.10.05"]
[SourceQuality "1"]

1. e4 e5 2. Nf3 Nc6 3. Bb5 a6 4. Ba4 Nf6 5. 0-0 b5 6. Bb3 Be7 7. Re1 d6 8. c3 0-0 9. h3 Na5 10. Bc2 c5 11. d4 Qc7 12. Nbd2 Re8 13. d5 Bf8 14. Nf1 Nc4 15. Ne3 Nxe3 16. Bxe3 Nh5 17. Nxe5 Rxe5 18. f4 Nxf4 19. Bxf4 Re8 20. Bg5 Be7 21. Qh5 Bxg5 22. Qxg5 Qe7 23. Qxe7 Rxe7 24. b4 c4 25. a4 Rb8 26. Kf2 f6 27. Ra2 Bb7 28. axb5 axb5 29. Ra5 Bc8 30. Rea1 Kf7 31. Ra8 Rxa8 32. Rxa8 Bb7 33. Rd8 f5 34. Rxd6 fxe4 35. Ke3 Bc8 36. Rb6 Bd7 37. Rb7 Ke8 38. Bxe4 g6 39. Rb8+ Kf7 40. Kd4 Kf6 41. h4 Kg7 42. Rb7 Kf6 43. Bf3 g5 44. hxg5+ Kxg5 45. d6 Rf7 46. Rxd7 Rxd7 47. Ke5 Ra7 48. Ke6 Ra6 49. Ke7 Kf5 50. Bd5 h5 51. d7 Ra7 52. Ke8 Rxd7 53. Kxd7 Kf4 54. Kc6 Ke3 55. Kxb5 1-0

[Event "Ostroda op 5th"]
[Site "Ostroda"]
[Date "2008.08.05"]
[Round "3.2"]
[White "Tarach, Dorota"]
[Black "Jankowski, Dawid"]
[Result "1-0"]
[WhiteElo "1769"]
[BlackElo "1761"]
[PlyCount "57"]
[EventDate "2008.08.04"]
[EventType "swiss"]
[EventRounds "9"]
[EventCountry "POL"]
[SourceTitle "EXT 2023"]
[Source "ChessBase"]
[SourceDate "2022.10.05"]
[SourceVersion "1"]
[SourceVersionDate "2022.10.05"]
[SourceQuality "1"]

1. e4 c5 2. Nf3 Nc6 3. d4 cxd4 4. Nxd4 d6 5. Nc3 e5 6. Nb3 Be6 7. Be3 Nge7 8. Qd2 Qd7 9. 0-0-0 0-0-0 10. Nb5 Ng6 11. Nxa7+ Nxa7 12. Bxa7 Qc6 13. Qa5 Bd7 14. Bb6 Qa4 15. Bxd8 Qxa5 16. Bxa5 f5 17. exf5 Bxf5 18. Bd3 e4 19. Bc4 Ne5 20. Bd5 Be7 21. Nd4 Bg6 22. Rhe1 Bh5 23. f3 exf3 24. Nxf3 Bxf3 25. Bxf3 Bg5+ 26. Bd2 Nxf3 27. gxf3 Bf6 28. Bf4 Rd8 29. Rxd6 1-0

[Event "POL-ch U16 Girls"]
[Site "Leba"]
[Date "2006.03.31"]
[Round "9"]
[White "Tarach, Dorota"]
[Black "Wiczynska, Aneta"]
[Result "0-1"]
[WhiteElo "1800"]
[BlackElo "1800"]
[PlyCount "94"]
[EventDate "2006.03.25"]
[EventType "swiss"]
[EventRounds "11"]
[EventCountry "POL"]
[SourceTitle "CBM 111 Extra"]
[Source "ChessBase"]
[SourceDate "2006.05.09"]
[SourceVersion "1"]
[SourceVersionDate "2006.05.09"]
[SourceQuality "1"]

1. e4 c5 2. Nf3 Nc6 3. d4 cxd4 4. Nxd4 e5 5. Nb5 d6 6. a4 Nf6 7. N5c3 Be6 8. Na3 Be7 9. Bc4 0-0 10. Bg5 a6 11. Bxf6 Bxf6 12. Nd5 Be7 13. 0-0 Rc8 14. c3 Na5 15. Ba2 Kh8 16. f4 f5 17. fxe5 dxe5 18. Nxe7 Qxe7 19. exf5 Bxf5 20. Qd5 Nc6 21. Rad1 Rcd8 22. Qc4 Rxd1 23. Rxd1 e4 24. Rf1 Bg6 25. Nc2 Re8 26. Ne3 h6 27. Bb1 Ne5 28. Qe2 Nd3 29. Nf5 Qc5+ 30. Nd4 b5 31. axb5 axb5 32. Rd1 b4 33. Bxd3 exd3 34. Qf2 bxc3 35. bxc3 Qxc3 36. Nf3 Kh7 37. Rd2 Rc8 38. Ne1 Rc6 39. h3 Ra6 40. Kh2 Ra1 41. Qe3 Ra3 42. Kg1 Qc4 43. Kh2 Rc3 44. Kg1 Rc2 45. Rxc2 dxc2 46. Qc1 Qb3 47. Qa1 Qe3+ 0-1

[Event "POL-ch U16 Girls"]
[Site "Leba"]
[Date "2006.03.28"]
[Round "6"]
[White "Tarach, Dorota"]
[Black "Bukwa, Karolina"]
[Result "1/2-1/2"]
[WhiteElo "1800"]
[BlackElo "1800"]
[PlyCount "64"]
[EventDate "2006.03.25"]
[EventType "swiss"]
[EventRounds "11"]
[EventCountry "POL"]
[SourceTitle "CBM 111 Extra"]
[Source "ChessBase"]
[SourceDate "2006.05.09"]
[SourceVersion "1"]
[SourceVersionDate "2006.05.09"]
[SourceQuality "1"]

1. e4 c6 2. d4 d5 3. Nd2 dxe4 4. Nxe4 Bf5 5. Ng3 Bg6 6. Nf3 Nd7 7. h4 h6 8. h5 Bh7 9. Bd3 Bxd3 10. Qxd3 Qc7 11. Bd2 e6 12. 0-0-0 0-0-0 13. Ne4 Ngf6 14. g3 Nxe4 15. Qxe4 Nf6 16. Qe2 Bd6 17. Rde1 Rhe8 18. Qc4 Nd7 19. Re3 Nb6 20. Qb3 Nd5 21. Re2 c5 22. dxc5 Bxc5 23. Ne5 Kb8 24. Nd3 Bd6 25. Rh4 Rc8 26. Ree4 f6 27. Rc4 Qb6 28. Rxc8+ Rxc8 29. Qxb6 Nxb6 30. Bb4 Bxb4 31. Rxb4 Nd5 32. Rg4 Rc7 1/2-1/2